000 00698nam a2200205 a 4500
001 000009532
005 20240412074211.0
008 090930s2001 dr a 000 p spa d
040 _aDO-SdBNP
_bspa
_cBNPHU
082 _aRD861.44
_bA174e
100 1 _aAcevedo, Domingo
_924357
245 1 0 _aEspejismo de luna llena /
_cDomingo Acevedo ; prólogo Eladio de los Santos García.
260 _aSanto Domingo :
_bMediabyte,
_c2001.
300 _a111 p. :
_bil. ;
_c21 cm.
590 _aInventariado, 2018/VM
650 0 _aPoesía dominicana
_966
650 0 _aLiteratura dominicana.
_967
700 1 2 _aSantos García, Eladio de los ,
_d1973-
_epról.
_928675
910 _aValidado. Control de calidad BNPHU
999 _c9292
_d9292